大阪市境を越えて最初に停車する駅 - Statistics

General Stats
  • This quiz has been taken 382 times
  • The average score is 95 of 140
Answer Stats
路線 駅名 種別 % Correct
尼崎 丹波路快速 | 区間快速 | 区間急行 | +8 others
97%
京都 こだま | のぞみ | ひかり | +7 others
96%
山陽新幹線 新神戸 こだま | さくら | のぞみ | +2 others
94%
高槻 新快速 | 特急はるか | 特急サンダーバード
92%
茨木 快速
89%
JR京都線 | 阪急千里線 吹田 普通
86%
三ノ宮 特急はまかぜ | 特急らくラクはりま | 特急スーパーはくと
82%
茨木市 準特急 | 特急 | 通勤特急
81%
Osaka Metro御堂筋線 江坂 -
80%
西宮北口 特急
79%
塚口 急行 | 準特急 | 通勤急行 | 通勤特急
78%
枚方市 特急
76%
豊中 急行
75%
守口市 区間急行 | 快速急行 | 急行 | 準急
74%
生駒 快速急行 | 特急
71%
阪神なんば線 大物 区間準急 | 普通 | 準急
70%
快速特急
69%
近鉄大阪線 | 近鉄奈良線 布施 区間準急 | 急行 | 普通 | +2 others
69%
おおさか東線 | 大和路線 久宝寺 区間快速 | 大和路快速 | 快速 | +2 others
69%
区間急行 | 急行 | 準急行 | +3 others
68%
堺市 区間快速 | 快速 | 紀州路快速 | 関空快速
66%
阪急神戸線 園田 普通
64%
寝屋川市 通勤快急
62%
南茨木 急行 | 準急
61%
大和八木 特急
60%
石橋阪大前 日生エクスプレス
59%
おおさか東線 南吹田 普通
59%
阪急京都線 正雀 普通
59%
特急
59%
Osaka Metro中央線 高井田 -
58%
日根野 特急くろしお
58%
七条 快速特急 洛楽
55%
Osaka Metro長堀鶴見緑地線 門真南 -
55%
阪急宝塚線 庄内 普通
54%
Osaka Metro谷町線 八尾南 -
54%
住道 区間快速 | 快速
52%
堺東 こうや | りんかん | 区間急行 | +3 others
51%
おおさか東線 高井田中央 普通 | 直通快速
50%
関西空港 特急はるか
50%
阪神本線 杭瀬 普通
48%
静岡 特急サンライズ出雲 | 特急サンライズ瀬戸
47%
Osaka Metro今里筋線 | Osaka Metro谷町線 太子橋今市 -
47%
萱島 通勤準急
47%
伊勢市 特急
46%
古市 区間急行 | 急行 | 特急
46%
学研都市線 徳庵 普通
45%
五位堂 快速急行
45%
大和高田 特急
44%
和泉府中 特急くろしお | 特急はるか
44%
Osaka Metro御堂筋線 北花田 -
43%
京阪本線 滝井 普通
42%
河内松原 準急
41%
尺土 特急
39%
泉佐野 特急ラピートα
39%
JR河内永和 直通快速
35%
近鉄南大阪線 河内天美 普通
34%
阪和線 浅香 普通
34%
おおさか東線 衣摺加美北 普通
32%
南海本線 七道 普通
25%
南海高野線 浅香山 各駅停車
23%
泉ヶ丘 泉北ライナー
21%
阪堺電軌阪堺線 大和川 -
15%
No matching quizzes found
Score Distribution
Percent of People with Each Score
Percentile by Number Answered
Your Score History
You have not taken this quiz